[Event "Olimpiade 2014 - Open"]
[Site "Tromsø"]
[Date "14.08.2014"]
[Round "11.27"]
[Board "3"]
[White "Hossain, Enamul"]
[Black "Tikkanen, Hans"]
[Result "0-1"]
[WhiteTitle "GM"]
[BlackTitle "GM"]
[WhiteElo "2421"]
[BlackElo "2559"]
[WhiteTeam "Bangladesh"]
[BlackTeam "Sweden"]
[WhiteFideId "10200649"]
[BlackFideId "1706446"]
[EventDate "2014.08.02"]

1. e4 e6 2. d4 d5 3. Nd2 Nf6 4. e5 Nfd7 5. c3 c5 6. Bd3 Nc6 7. Ne2 cxd4 8. cxd4
f6 9. exf6 Nxf6 10. O-O Bd6 11. Nf3 Qc7 12. Bd2 O-O 13. Rc1 Bd7 14. Ng3 Qb6 15.
Bc3 Rae8 16. Ne5 Re7 17. a3 Be8 18. Bc2 Bxe5 19. dxe5 Nd7 20. Qg4 d4 21. Qh3 h6
22. Bd2 Ndxe5 23. b4 Bg6 24. Bb3 Nd3 25. Rcd1 Nf4 26. Bxf4 Rxf4 27. Bxe6+ Kh7
28. Ba2 d3 29. Nh5 Rf8 30. Bb1 Ne5 31. Kh1 Rxf2 32. Qh4 Ref7 33. Ng3 Qc6 34.
Rxf2 Rxf2 35. Qh3 d2 36. Bxg6+ Nxg6 37. Kg1 Qb6 38. Kh1 Qe3 39. Rg1 Ne5 40. Qe6
Rf4 0-1

[Event "Olimpiade 2014 - Open"]
[Site "Tromsø"]
[Date "14.08.2014"]
[Round "11.27"]
[Board "4"]
[White "Berg, Emanuel"]
[Black "Murshed, Niaz"]
[Result "1/2-1/2"]
[WhiteTitle "GM"]
[BlackTitle "GM"]
[WhiteElo "2554"]
[BlackElo "2453"]
[WhiteTeam "Sweden"]
[BlackTeam "Bangladesh"]
[WhiteFideId "1704060"]
[BlackFideId "10200010"]
[EventDate "2014.08.02"]

1. e4 d6 2. d4 Nf6 3. Nc3 e5 4. Nf3 Nbd7 5. Bc4 Be7 6. O-O O-O 7. Re1 c6 8. a4
a5 9. Ba2 exd4 10. Nxd4 Nc5 11. h3 Qb6 12. Rb1 Be6 13. Nxe6 fxe6 14. Be3 d5 15.
exd5 exd5 16. Ne2 Qb4 17. Nd4 Rfe8 18. Qf3 Qxa4 19. Ra1 Qb4 20. c3 Qxb2 21. Reb1
Qxc3 22. Rc1 Qd3 23. Bb1 Qa6 24. Nf5 Nce4 25. Bxe4 Nxe4 26. Bd4 Bf6 27. Bxf6
Nxf6 28. Nh6+ Kf8 29. Qa3+ Re7 30. Nf5 Re8 31. Re1 Ne4 1/2-1/2

[Event "Olimpiade 2014 - Open"]
[Site "Tromsø"]
[Date "14.08.2014"]
[Round "11.28"]
[Board "1"]
[White "Sadorra, Julio Catalino"]
[Black "Kovalyov, Anton"]
[Result "1/2-1/2"]
[WhiteTitle "GM"]
[BlackTitle "GM"]
[WhiteElo "2590"]
[BlackElo "2622"]
[WhiteTeam "Philippines"]
[BlackTeam "Canada"]
[WhiteFideId "5201268"]
[BlackFideId "114987"]
[EventDate "2014.08.02"]

1. d4 Nf6 2. c4 e6 3. Nc3 Bb4 4. e3 O-O 5. Ne2 d5 6. a3 Be7 7. cxd5 Nxd5 8. Bd2
Nd7 9. g3 c6 10. Bg2 b5 11. O-O Bb7 12. Qc2 a5 13. Rfc1 Rc8 14. Qd1 Qb6 15. b4
axb4 16. Nxd5 cxd5 17. Bxb4 Bxb4 18. axb4 Rc4 19. Qd2 Rfc8 20. Nf4 Rxc1+ 21.
Rxc1 Rxc1+ 22. Qxc1 Qc6 23. Qa3 Qa6 24. Qc3 Qc6 25. Qa3 Qa6 26. Qc1 Qc6 27. Qd1
Qc3 28. Nd3 Nf6 29. Bf1 Ne4 30. Qh5 Qc7 31. Nc5 Nxc5 32. dxc5 Bc6 33. Bd3 h6 34.
Qe2 Qd7 35. Qb2 f6 36. f4 Kf7 37. Qe2 Kf8 38. Qg4 e5 39. Qxd7 1/2-1/2

[Event "Olimpiade 2014 - Open"]
[Site "Tromsø"]
[Date "14.08.2014"]
[Round "11.28"]
[Board "3"]
[White "Torre, Eugenio"]
[Black "Gerzhoy, Leonid"]
[Result "1-0"]
[WhiteTitle "GM"]
[BlackTitle "IM"]
[WhiteElo "2438"]
[BlackElo "2473"]
[WhiteTeam "Philippines"]
[BlackTeam "Canada"]
[WhiteFideId "5200016"]
[BlackFideId "2806126"]
[EventDate "2014.08.02"]

1. d4 d5 2. Bf4 e6 3. e3 Bd6 4. Bxd6 cxd6 5. Nd2 Nf6 6. Bd3 Nc6 7. c3 O-O 8. Ne2
e5 9. O-O Bg4 10. f3 Bh5 11. Ng3 Bg6 12. Bxg6 hxg6 13. f4 b5 14. f5 g5 15. Nh5
Na5 16. b3 Rc8 17. Rc1 Re8 18. Qf3 e4 19. Qe2 Nxh5 20. Qxh5 Qf6 21. h4 gxh4 22.
Rf4 Kf8 23. Rxh4 Ke7 24. Rf4 Rh8 25. Qe2 a6 26. a4 Rh4 27. Rxh4 Qxh4 28. axb5
Rh8 29. Nf1 axb5 30. Ra1 Nxb3 31. Rb1 Na5 32. Rxb5 Nc4 33. Rxd5 Nb6 34. Rb5 Nd7
35. Rb7 Qh1+ 36. Kf2 Qh4+ 37. Ng3 Ra8 38. Qb5 Rd8 39. Qd5 Kf8 40. Qxd6+ Ke8 41.
Qd5 Qf6 42. Nxe4 Qh4+ 43. Ng3 Qf6 44. Qb5 Qd6 45. c4 Ra8 46. Ne4 Qe7 47. f6 Qe6
48. fxg7 1-0

[Event "Olimpiade 2014 - Open"]
[Site "Tromsø"]
[Date "14.08.2014"]
[Round "11.28"]
[Board "4"]
[White "Sambuev, Bator"]
[Black "Gonzales, Jayson"]
[Result "1-0"]
[WhiteTitle "GM"]
[BlackTitle "GM"]
[WhiteElo "2528"]
[BlackElo "2405"]
[WhiteTeam "Canada"]
[BlackTeam "Philippines"]
[WhiteFideId "4128290"]
[BlackFideId "5201080"]
[EventDate "2014.08.02"]

1. d4 d5 2. Nf3 Nf6 3. e3 c6 4. c4 Bf5 5. Nc3 a6 6. Nh4 Bg4 7. Qb3 Ra7 8. h3 Bc8
9. cxd5 cxd5 10. f4 Nc6 11. Bd3 e6 12. Nf3 Nd7 13. O-O f5 14. g4 g6 15. gxf5
gxf5 16. Kh2 Nf6 17. Rg1 b5 18. Bd2 Na5 19. Qd1 Nc4 20. Qe2 Bg7 21. Be1 O-O 22.
Bh4 Qe8 23. b3 Nd6 24. Ne5 Kh8 25. Rac1 Nfe4 26. Nb1 Bd7 27. a3 a5 28. Rg2 a4
29. Rcg1 Bc8 30. bxa4 bxa4 31. Be1 Rg8 32. Bb4 h6 33. Nd2 Rc7 34. Ndf3 Kh7 35.
Rg6 Nf7 36. Bb5 Qd8 37. Ba5 Nxe5 38. Nxe5 Nc3 39. Qh5 Nxb5 40. Nf7 Rxf7 41. Bxd8
Nd6 42. Bg5 1-0

[Event "Olimpiade 2014 - Open"]
[Site "Tromsø"]
[Date "14.08.2014"]
[Round "11.29"]
[Board "1"]
[White "Banikas, Hristos"]
[Black "Greet, Andrew N"]
[Result "1/2-1/2"]
[WhiteTitle "GM"]
[BlackTitle "IM"]
[WhiteElo "2644"]
[BlackElo "2431"]
[WhiteTeam "Greece"]
[BlackTeam "Scotland"]
[WhiteFideId "4202031"]
[BlackFideId "405817"]
[EventDate "2014.08.02"]

1. Nf3 Nf6 2. c4 e6 3. Nc3 Bb4 4. g3 O-O 5. Bg2 d5 6. a3 Bxc3 7. dxc3 Nbd7 8.
Nd2 Ne5 9. cxd5 exd5 10. O-O c6 11. Re1 Bf5 12. Nf1 Re8 13. Bf4 Qb6 14. Ne3 Be4
15. Bxe5 Rxe5 16. Qd4 Rae8 17. Qxb6 axb6 18. Bh3 h5 19. a4 Ra8 20. Red1 Ree8 21.
Ra3 Ra6 22. c4 dxc4 23. Nxc4 Bd5 24. Ne3 Be6 25. Bf1 Rea8 26. Rda1 Ne4 27. Nd1
Nd2 28. e4 Nxf1 29. Kxf1 Kf8 30. Ke2 Ke7 31. Ne3 Rd8 32. f3 Rd4 33. b3 g5 34.
Nc2 Rd7 35. Ke3 Ra8 36. a5 Rad8 37. Ne1 b5 38. a6 b4 39. Ra5 b6 40. Rxg5 c5 41.
Rxh5 Bxb3 42. Rh6 b5 43. a7 Ra8 44. Nd3 Rdxa7 45. Rxa7+ Rxa7 46. Nxc5 Bc4 47.
Ra6 Rc7 48. Nd3 Bxd3 49. Kxd3 Rc3+ 50. Kd4 Rxf3 51. Rb6 Rf2 52. Rxb5 Rxh2 53.
Rxb4 Rg2 54. Rb3 Ke6 55. Rf3 Re2 56. Rf5 Rg2 57. Rg5 Rg1 58. Ke3 Re1+ 59. Kf3
Rf1+ 60. Ke2 Ra1 61. Rd5 Ra3 62. Kf2 Rb3 63. Rf5 Ra3 64. g4 Ra4 65. Ke3 Ra1 66.
Rf3 Re1+ 67. Kf4 f6 68. Rf2 Rg1 69. Rf3 Re1 70. Rf2 Rg1 71. Rb2 Rf1+ 72. Ke3
Re1+ 73. Kf3 Rf1+ 74. Rf2 Rg1 75. Rh2 Rf1+ 76. Ke3 Re1+ 77. Kd3 Rg1 78. Rh4 Ke5
79. Ke3 Rg3+ 80. Kf2 Ra3 81. Rh5+ Ke6 82. Rf5 Rb3 83. Rf3 Rb4 84. Ke3 Rb1 85.
Kf2 Rb4 86. Rf4 Rb3 87. Rf5 Ra3 88. Rf3 Ra4 89. Rf4 Ra3 90. Rf5 Rb3 91. Kg2 Ra3
92. e5 fxe5 93. Rf1 e4 94. g5 Ra5 95. Rf6+ Ke7 96. Rf4 Rxg5+ 97. Kf2 Re5 98. Ke3
Kd6 99. Rxe4 Rxe4+ 100. Kxe4 1/2-1/2

[Event "Olimpiade 2014 - Open"]
[Site "Tromsø"]
[Date "14.08.2014"]
[Round "11.29"]
[Board "2"]
[White "Shaw, John"]
[Black "Papaioannou, Ioannis"]
[Result "0-1"]
[WhiteTitle "GM"]
[BlackTitle "GM"]
[WhiteElo "2419"]
[BlackElo "2641"]
[WhiteTeam "Scotland"]
[BlackTeam "Greece"]
[WhiteFideId "2400553"]
[BlackFideId "4201345"]
[EventDate "2014.08.02"]

1. e4 c5 2. Nf3 d6 3. Bb5+ Nd7 4. d4 cxd4 5. Qxd4 a6 6. Bxd7+ Bxd7 7. c4 b5 8.
Nc3 e5 9. Qd3 bxc4 10. Qxc4 Qc8 11. Qd3 h6 12. O-O Nf6 13. Nd2 Be6 14. Rd1 Be7
15. Nf1 Qb7 16. Ne3 Rc8 17. Ned5 Nxd5 18. Nxd5 Bxd5 19. Qxd5 Qxd5 20. Rxd5 Kd7
21. Bd2 Ke6 22. Ra5 Rc6 23. Kf1 Rb8 24. Rc1 Rxc1+ 25. Bxc1 Rb6 26. Ke2 Rc6 27.
Be3 Rc2+ 28. Kd3 Rxb2 29. Rxa6 f5 30. a4 fxe4+ 31. Kxe4 h5 32. a5 Ra2 33. f4
Ra4+ 34. Kd3 exf4 35. Bb6 Kd5 36. Ra7 Bf6 37. Rc7 Ra3+ 38. Kc2 g5 39. h4 gxh4
40. Rh7 Ke4 41. Rxh5 Ra2+ 42. Kd1 d5 43. Rh6 Bc3 44. Rxh4 d4 45. Bc7 Bd2 0-1

[Event "Olimpiade 2014 - Open"]
[Site "Tromsø"]
[Date "14.08.2014"]
[Round "11.29"]
[Board "3"]
[White "Halkias, Stelios"]
[Black "Tate, Alan"]
[Result "1-0"]
[WhiteTitle "GM"]
[BlackTitle "FM"]
[WhiteElo "2544"]
[BlackElo "2347"]
[WhiteTeam "Greece"]
[BlackTeam "Scotland"]
[WhiteFideId "4201809"]
[BlackFideId "2401878"]
[EventDate "2014.08.02"]

1. Nf3 Nf6 2. c4 c5 3. Nc3 d5 4. cxd5 Nxd5 5. e3 Nxc3 6. bxc3 g6 7. h4 h6 8. d4
Bg7 9. Be2 Nd7 10. O-O O-O 11. Ba3 b6 12. Rb1 e5 13. dxc5 Nxc5 14. Bxc5 bxc5 15.
e4 Qxd1 16. Rfxd1 Be6 17. a4 Rfd8 18. Nd2 Bf6 19. g3 Rab8 20. Rxb8 Rxb8 21. Nc4
Rb3 22. Rc1 Kf8 23. a5 a6 24. Ne3 Bc8 25. Bc4 Rb8 26. Rd1 Be7 27. h5 gxh5 28.
Kg2 Ke8 29. Rh1 h4 30. gxh4 Bd8 31. Nd5 Bxa5 32. Ra1 Bd8 33. Bxa6 Bxh4 34. Bxc8
Rxc8 35. Ne3 Bg5 36. Nf5 Kd7 37. Rd1+ Kc6 38. c4 Kb6 39. Rb1+ Kc6 40. Rd1 Kb6
41. Kf3 Rc6 42. Kg4 Rg6 43. Rb1+ Kc7 44. Ra1 Kb7 45. Rd1 Be3+ 46. Kf3 Bd4 47.
Rh1 Rb6 48. Rxh6 Rb3+ 49. Kg4 Bxf2 50. Rf6 Bd4 51. Rxf7+ Kb6 52. Ne7 Rb1 53.
Nd5+ Kc6 54. Kf5 Kd6 55. Rf6+ Kd7 56. Ra6 Rf1+ 57. Kg6 Kc8 58. Rf6 Rxf6+ 59.
Nxf6 Kc7 60. Kf7 Kd6 61. Ne8+ Kd7 62. Ng7 Be3 63. Nf5 Bg5 64. Kg6 Bd2 65. Kf6
Bf4 66. Nh4 Bg3 67. Nf3 Kd6 68. Ng5 Bh4 69. Kf5 Kc6 70. Nf3 Bf2 71. Nxe5+ Kb6
72. Nd3 Bh4 73. Ke6 Bg5 74. Kd7 1-0

[Event "Olimpiade 2014 - Open"]
[Site "Tromsø"]
[Date "14.08.2014"]
[Round "11.29"]
[Board "4"]
[White "McKay, Roderick M"]
[Black "Mastrovasilis, Athanasios"]
[Result "0-1"]
[WhiteTitle "IM"]
[BlackTitle "GM"]
[WhiteElo "2349"]
[BlackElo "2526"]
[WhiteTeam "Scotland"]
[BlackTeam "Greece"]
[WhiteFideId "2400049"]
[BlackFideId "4201990"]
[EventDate "2014.08.02"]

1. e4 c5 2. Nf3 e6 3. d4 cxd4 4. Nxd4 a6 5. Nc3 Nc6 6. g3 d6 7. Bg2 Bd7 8. O-O
Rc8 9. Nxc6 Bxc6 10. f4 Nf6 11. a4 h5 12. a5 d5 13. exd5 Bc5+ 14. Kh1 exd5 15.
Qe1+ Kf8 16. Na4 d4 17. Qe2 h4 18. g4 Bb5 19. Qd1 Bxf1 20. Bxf1 Ne4 21. Qf3 Qd5
22. Bg2 h3 23. Qxe4 hxg2+ 24. Qxg2 Qxg2+ 25. Kxg2 Bb4 26. c3 Bxa5 27. Bd2 Re8 0-1

[Event "Olimpiade 2014 - Open"]
[Site "Tromsø"]
[Date "14.08.2014"]
[Round "11.30"]
[Board "1"]
[White "Ragger, Markus"]
[Black "Matamoros Franco, Carlos S."]
[Result "1-0"]
[WhiteTitle "GM"]
[BlackTitle "GM"]
[WhiteElo "2644"]
[BlackElo "2525"]
[WhiteTeam "Austria"]
[BlackTeam "Ecuador"]
[WhiteFideId "1610856"]
[BlackFideId "3600017"]
[EventDate "2014.08.02"]

1. d4 e6 2. c4 Bb4+ 3. Nd2 c5 4. a3 Bxd2+ 5. Qxd2 cxd4 6. Nf3 Nf6 7. Qxd4 Nc6 8.
Qh4 d6 9. Bg5 Qa5+ 10. Bd2 Qb6 11. b4 Ne7 12. Qd4 e5 13. c5 Qxc5 14. Qxc5 dxc5
15. Nxe5 Ne4 16. bxc5 Nxd2 17. Kxd2 Be6 18. e4 O-O-O+ 19. Ke3 Kc7 20. Bc4 Nc6
21. Bxe6 Nxe5 22. Bd5 Ng4+ 23. Kd4 Nf6 24. Rhe1 Rhe8 25. Kc4 Re7 26. Rab1 Kc8
27. f3 Rc7 28. Rbc1 Kb8 29. Red1 Nd7 30. Kd4 Nf6 31. Rd3 Rcd7 32. Kc4 Rc7 33.
Rb3 Nd7 34. Kd4 f5 35. Rxb7+ Rxb7 36. Bxb7 Nxc5+ 37. Kxc5 Kxb7 38. Rb1+ Kc7 39.
exf5 Rd2 40. Rb4 Rxg2 41. Rg4 Rc2+ 42. Kd5 Rd2+ 43. Ke6 Rd7 44. f4 a5 45. Rg3 a4
46. Rh3 Rd6+ 47. Ke5 h6 48. Rg3 Rd7 49. f6 gxf6+ 50. Kxf6 Rd2 51. f5 h5 52. Kg7
h4 53. Rh3 Rd4 54. f6 Kd7 55. f7 Rg4+ 56. Kf8 1-0

[Event "Olimpiade 2014 - Open"]
[Site "Tromsø"]
[Date "14.08.2014"]
[Round "11.30"]
[Board "2"]
[White "Guerra Tulcan, Lenin"]
[Black "Shengelia, David"]
[Result "1-0"]
[WhiteTitle "FM"]
[BlackTitle "GM"]
[WhiteElo "2374"]
[BlackElo "2556"]
[WhiteTeam "Ecuador"]
[BlackTeam "Austria"]
[WhiteFideId "3601382"]
[BlackFideId "13601270"]
[EventDate "2014.08.02"]

1. e4 c5 2. Nf3 d6 3. d4 cxd4 4. Nxd4 Nf6 5. Nc3 Nc6 6. Be2 e5 7. Nf3 h6 8. O-O
Be7 9. Re1 O-O 10. Bf1 Bg4 11. h3 Bh5 12. g4 Bg6 13. b3 Rc8 14. Bb2 a6 15. a3
Qa5 16. Qd2 b5 17. Rad1 Qb6 18. Qe3 Qxe3 19. Rxe3 Bd8 20. Rxd6 Be7 21. Rd1 Bc5
22. Ree1 Nd4 23. Bg2 Nxf3+ 24. Bxf3 Bd4 25. Rd3 Rc5 26. Nd1 Bxb2 27. Nxb2 Rxc2
28. Nd1 Ra2 29. b4 Rc8 30. h4 h5 31. g5 Ng4 32. Bxg4 hxg4 33. Kg2 Rc4 34. Rde3
Rd4 35. Kg3 Ra1 36. Nb2 Rxe1 37. Rxe1 Bxe4 38. Kxg4 g6 39. Kg3 Bf5 40. f3 Rd2
41. Nd1 Rd3 42. Nf2 Rxa3 43. Rxe5 Be6 44. Ne4 Kf8 45. Nc5 Bc8 46. Kf4 Rc3 47.
Re3 Rc2 48. Rd3 Rc4+ 49. Ke5 Ke7 50. Rd4 Rc3 51. Rd3 Rc2 52. Kd5 Rb2 53. Rd4 Rf2
54. Re4+ Kf8 55. Rf4 Ra2 56. Kc6 Rc2 57. Kb6 Rc4 58. Rxc4 bxc4 59. Ne4 Ke7 60.
Kc5 Be6 61. Kd4 Bh3 62. Nc5 Bg2 63. Nxa6 Bxf3 64. Nc5 Kd6 65. Kxc4 Ke5 66. Nd7+
Kf4 67. b5 Kf5 68. b6 Ke6 69. b7 Bxb7 70. Nc5+ Ke5 71. Nxb7 f5 72. Nc5 Kf4 73.
Kd4 Kg4 74. Ke5 f4 75. Nd3 f3 76. Ke4 Kxh4 77. Kf4 f2 78. Nxf2 Kh5 79. Ne4 Kh4
80. Ke5 1-0

[Event "Olimpiade 2014 - Open"]
[Site "Tromsø"]
[Date "14.08.2014"]
[Round "11.30"]
[Board "3"]
[White "Kreisl, Robert"]
[Black "Mieles Palau, Daniel"]
[Result "1/2-1/2"]
[WhiteTitle "IM"]
[BlackTitle "IM"]
[WhiteElo "2432"]
[BlackElo "2374"]
[WhiteTeam "Austria"]
[BlackTeam "Ecuador"]
[WhiteFideId "1613880"]
[BlackFideId "3600467"]
[EventDate "2014.08.02"]

1. d4 d5 2. c4 e6 3. Nf3 Nf6 4. g3 Bb4+ 5. Bd2 Be7 6. Bg2 O-O 7. O-O c5 8. cxd5
exd5 9. dxc5 Bxc5 10. Nc3 Nc6 11. Rc1 Re8 12. Bg5 d4 13. Bxf6 Qxf6 14. Nd5 Qd6
15. Nd2 Bb6 16. Nc4 Qd8 17. Ncxb6 axb6 18. a3 Bf5 19. Nf4 g5 20. Nd3 Be4 21.
Bxe4 Rxe4 22. f4 Qe7 23. Rc2 Re8 24. fxg5 Qxg5 25. Rf4 Qe7 26. Rxe4 Qxe4 27. Qd2
Ne5 28. Nxe5 Rxe5 29. Rc4 Qb1+ 30. Kg2 Qe4+ 31. Kg1 Qb1+ 32. Kg2 Qe4+ 33. Kg1
Qb1+ 1/2-1/2

[Event "Olimpiade 2014 - Open"]
[Site "Tromsø"]
[Date "14.08.2014"]
[Round "11.30"]
[Board "4"]
[White "Santos Flores, Alberto"]
[Black "Diermair, Andreas"]
[Result "1/2-1/2"]
[WhiteTitle "IM"]
[BlackTitle "IM"]
[WhiteElo "2291"]
[BlackElo "2447"]
[WhiteTeam "Ecuador"]
[BlackTeam "Austria"]
[WhiteFideId "3601234"]
[BlackFideId "1612468"]
[EventDate "2014.08.02"]

1. d4 Nf6 2. Nf3 d5 3. c4 c6 4. e3 Bg4 5. Nc3 e6 6. h3 Bh5 7. g4 Bg6 8. Ne5 Nbd7
9. h4 dxc4 10. Nxc4 h5 11. g5 Nd5 12. Bg2 Bb4 13. Bd2 Bd3 14. Qb3 a5 15. Nxd5
Bxc4 16. Qxc4 Bxd2+ 17. Kxd2 exd5 18. Qc2 Rc8 19. Rad1 O-O 20. Kc1 Nb6 21. Bf1
Qd6 22. Kb1 Rfe8 23. Bd3 g6 24. Rc1 Nd7 25. Qd2 Qb4 26. Rc3 Re7 27. Qc2 Qd6 28.
Qa4 Ra8 29. Qc2 Rc8 30. Qd2 Rce8 31. Ra3 b6 32. Rc3 Re6 33. Qc2 1/2-1/2

[Event "Olimpiade 2014 - Open"]
[Site "Tromsø"]
[Date "14.08.2014"]
[Round "11.31"]
[Board "1"]
[White "Megaranto, Susanto"]
[Black "Ziska, Helgi Dam"]
[Result "1-0"]
[WhiteTitle "GM"]
[BlackTitle "IM"]
[WhiteElo "2527"]
[BlackElo "2507"]
[WhiteTeam "Indonesia"]
[BlackTeam "Faroe Isles"]
[WhiteFideId "7101384"]
[BlackFideId "7200595"]
[EventDate "2014.08.02"]

1. e4 c5 2. Nf3 d6 3. Bb5+ Nd7 4. d4 cxd4 5. Qxd4 a6 6. Bxd7+ Bxd7 7. c4 Rc8 8.
Nc3 Qa5 9. O-O Qc5 10. Qxc5 Rxc5 11. b3 Nf6 12. Bb2 g6 13. Nd5 Bg7 14. Rad1 Rc6
15. Rfe1 Bg4 16. Rd3 Rg8 17. Nxf6+ Bxf6 18. Bxf6 exf6 19. Nd4 Rc5 20. f3 Bd7 21.
Nc2 b5 22. Rxd6 bxc4 23. bxc4 Ke7 24. Rxa6 Rxc4 25. Ne3 Rc6 26. Ra7 Rb8 27. Nd5+
Ke6 28. Re2 Rd6 29. Kf2 Rb1 30. Nxf6 Bb5 31. Nd5 1-0

[Event "Olimpiade 2014 - Open"]
[Site "Tromsø"]
[Date "14.08.2014"]
[Round "11.31"]
[Board "2"]
[White "Rodgaard, John"]
[Black "Farid, Firman Syah"]
[Result "0-1"]
[WhiteTitle "IM"]
[BlackTitle "IM"]
[WhiteElo "2361"]
[BlackElo "2400"]
[WhiteTeam "Faroe Isles"]
[BlackTeam "Indonesia"]
[WhiteFideId "7200013"]
[BlackFideId "7102526"]
[EventDate "2014.08.02"]

1. c4 Nf6 2. Nf3 c6 3. d4 d5 4. cxd5 cxd5 5. Nc3 Nc6 6. Bf4 a6 7. e3 Bg4 8. h3
Bxf3 9. Qxf3 e6 10. Bd3 h6 11. O-O Bd6 12. Rac1 O-O 13. Rfd1 Rc8 14. Bb1 Qe7 15.
Bxd6 Qxd6 16. Na4 Rc7 17. Qe2 Rfc8 18. Qe1 Nd7 19. Nc5 Nxc5 20. Rxc5 e5 21. Qd2
exd4 22. exd4 Re8 23. Rc3 Rce7 24. Re3 Rxe3 25. fxe3 Qg3 26. Re1 Nxd4 27. Kf1
Nc6 28. Qxd5 Re6 29. Qd2 Qh2 30. Qd5 Rd6 31. Qe4 g6 32. Bd3 Rf6+ 33. Ke2 Re6 34.
Qd5 Re5 35. Qc4 Qxg2+ 36. Kd1 Rd5 37. Re2 Qf3 38. Ke1 Ne5 39. Qc8+ Kg7 40. Bc2
Qh1+ 41. Kf2 Rd6 42. e4 Rf6+ 43. Ke3 Qg1+ 44. Kd2 Nf3+ 45. Kc3 Qd4+ 46. Kb3 Rb6+
47. Ka3 Qb4# 0-1

[Event "Olimpiade 2014 - Open"]
[Site "Tromsø"]
[Date "14.08.2014"]
[Round "11.31"]
[Board "4"]
[White "Nielsen, Hogni Egilstoft"]
[Black "Priasmoro, Novendra"]
[Result "1-0"]
[WhiteElo "2256"]
[BlackElo "2250"]
[WhiteTeam "Faroe Isles"]
[BlackTeam "Indonesia"]
[WhiteFideId "7200404"]
[BlackFideId "7105029"]
[EventDate "2014.08.02"]

1. e4 c5 2. Nf3 Nc6 3. Bb5 g6 4. Bxc6 dxc6 5. d3 Bg7 6. h3 e5 7. Be3 b6 8. Nc3
Ne7 9. Qd2 h6 10. a3 a5 11. Na4 f5 12. Qc3 Ba6 13. Bf4 exf4 14. Qxg7 Rg8 15.
Qxh6 fxe4 16. dxe4 Rf8 17. Qg5 Qd6 18. Qe5 Qxe5 19. Nxe5 Rb8 20. O-O-O Rb7 21.
Rd6 Nc8 22. Re6+ Re7 23. Rxe7+ Nxe7 24. Nxb6 Rf6 25. Na4 g5 26. Nxc5 Bc8 27. f3
Kd8 28. Nc4 Ng6 29. Kd1 Nh4 30. Rh2 Kc7 31. Ke2 Rf8 32. Kf2 Rd8 33. Rh1 a4 34.
Re1 Rd4 35. b3 axb3 36. cxb3 Kd8 37. Re2 Ke7 38. Rd2 1-0

[Event "Olimpiade 2014 - Open"]
[Site "Tromsø"]
[Date "14.08.2014"]
[Round "11.32"]
[Board "1"]
[White "Baules, Jorge"]
[Black "Ghaem Maghami, Ehsan"]
[Result "0-1"]
[WhiteTitle "IM"]
[BlackTitle "GM"]
[WhiteElo "2317"]
[BlackElo "2594"]
[WhiteTeam "Panama"]
[BlackTeam "Iran"]
[WhiteFideId "6600247"]
[BlackFideId "12500739"]
[EventDate "2014.08.02"]

1. e4 c5 2. Nf3 e6 3. d4 cxd4 4. Nxd4 Nc6 5. Nc3 Qc7 6. Be2 a6 7. O-O Nf6 8. Kh1
d6 9. f4 Be7 10. Be3 Bd7 11. Nb3 O-O 12. Bf3 b5 13. a3 Bc8 14. Qe1 Bb7 15. Qg3
Nd7 16. Rae1 Bf6 17. e5 dxe5 18. Ne4 Be7 19. fxe5 Ncxe5 20. Bh6 g6 21. Bxf8 Rxf8
22. Ned2 Bxf3 23. Nxf3 Bd6 24. Rd1 Nc4 25. Qh4 Nde5 26. Ng5 h5 27. Ne4 Be7 28.
Nf6+ Bxf6 29. Rxf6 Ng4 30. Rf3 Nce3 31. Rc1 Nf5 32. Qh3 Rd8 33. g3 Nfe3 34. Kg1
Qc6 35. Qh4 Rd1+ 36. Rxd1 Qxf3 0-1

[Event "Olimpiade 2014 - Open"]
[Site "Tromsø"]
[Date "14.08.2014"]
[Round "11.32"]
[Board "2"]
[White "Moradiabadi, Elshan"]
[Black "Aizpurua, Patrick"]
[Result "1/2-1/2"]
[WhiteTitle "GM"]
[BlackTitle "FM"]
[WhiteElo "2598"]
[BlackElo "2172"]
[WhiteTeam "Iran"]
[BlackTeam "Panama"]
[WhiteFideId "12501255"]
[BlackFideId "6600522"]
[EventDate "2014.08.02"]

1. d4 d5 2. c4 c6 3. Nf3 Nf6 4. e3 Bg4 5. cxd5 cxd5 6. Nc3 Nc6 7. h3 Bf5 8. g4
Bg6 9. Ne5 e6 10. Bb5 Rc8 11. h4 h5 12. Nxg6 fxg6 13. Bd3 Kf7 14. g5 Ng4 15. f3
Qd6 16. fxg4 Qg3+ 17. Kd2 hxg4 18. Qf1+ Kg8 19. Bxg6 Rc7 20. h5 Bb4 21. Rg1 Qh2+
22. Rg2 Qh3 23. Rf2 Rxh5 24. Bxh5 Qxh5 25. a3 g3 26. axb4 gxf2 27. b5 Nb4 28. b6
Qg6 29. e4 Qxg5+ 30. Ke2 Qg4+ 31. Kd2 Qf4+ 32. Ke2 Qg4+ 1/2-1/2

[Event "Olimpiade 2014 - Open"]
[Site "Tromsø"]
[Date "14.08.2014"]
[Round "11.32"]
[Board "3"]
[White "Esquivel Golcher, Luis"]
[Black "Idani, Pouya"]
[Result "0-1"]
[WhiteTitle "FM"]
[BlackTitle "IM"]
[WhiteElo "2173"]
[BlackElo "2499"]
[WhiteTeam "Panama"]
[BlackTeam "Iran"]
[WhiteFideId "6600174"]
[BlackFideId "12510130"]
[EventDate "2014.08.02"]

1. e4 c5 2. Nf3 d6 3. d4 Nf6 4. Nc3 cxd4 5. Nxd4 a6 6. Qe2 e5 7. Nf5 g6 8. Ng3
Be6 9. Bg5 Nbd7 10. Qf3 Rc8 11. Bd3 h6 12. Bxf6 Nxf6 13. O-O Bg7 14. Nd5 Nxd5
15. exd5 Bd7 16. Qe2 O-O 17. f3 f5 18. c4 h5 19. Rfe1 b5 20. Kh1 Qb6 21. cxb5
axb5 22. Rac1 Bh6 23. Rxc8 Rxc8 24. Nf1 Qc5 25. g4 hxg4 0-1

[Event "Olimpiade 2014 - Open"]
[Site "Tromsø"]
[Date "14.08.2014"]
[Round "11.32"]
[Board "4"]
[White "Golizadeh, Asghar"]
[Black "Fuentes, Adrian"]
[Result "1-0"]
[WhiteTitle "GM"]
[WhiteElo "2490"]
[BlackElo "2105"]
[WhiteTeam "Iran"]
[BlackTeam "Panama"]
[WhiteFideId "12505269"]
[BlackFideId "6600875"]
[EventDate "2014.08.02"]

1. d4 d5 2. c4 c6 3. cxd5 cxd5 4. Nc3 Nf6 5. Bf4 Nc6 6. e3 a6 7. Rc1 Qb6 8. Qd2
Bf5 9. Nf3 e6 10. a3 Be7 11. Be2 O-O 12. O-O Rfc8 13. b4 Ne4 14. Qb2 Qd8 15.
Nxe4 Bxe4 16. Nd2 Bg6 17. Nb3 Bd6 18. Bxd6 Qxd6 19. Nc5 b5 20. Qd2 Ne7 21. Rc3
Rc6 22. Rfc1 Rac8 23. h3 h6 24. Bf1 Qb8 25. a4 Qb6 26. axb5 axb5 27. Ra1 Nf5 28.
Nd7 Qb7 29. Rxc6 Rxc6 30. Nc5 Qb8 31. Ra5 Nd6 32. Qa2 Rc8 33. Ra7 Qb6 34. Ra8
Rxa8 35. Qxa8+ Kh7 36. Nd7 Qb7 37. Qxb7 Nxb7 38. Bxb5 Bc2 39. Nc5 Nd6 40. Ba6
Nc4 41. Bxc4 dxc4 42. Kf1 1-0